000 01457nam a2200385 i 4500
001 31991
003 KOSZ 005
005 20220624121248.0
008 981009s1981 pl a e |000 0 pol d
015 _aPB 1981/8572
020 _a8321401856
040 _aWA N
_cWA N
_dKOSZ 005/HR
046 _k1981
080 _a338.1(091)(438)
080 _a(03)
245 0 0 _aEncyklopedia historii gospodarczej Polski do 1945 roku.
_n[T. 1],
_pA-N /
_cred. nacz. Antoni Mączak ; [aut. Andrzej Ajnenkiel et al.] ; aut. map Anna Dunin-Wąsowicz [et al.] ; il. Mirosław Ciunowicz [et al.].
260 _aWarszawa :
_b"Wiedza Powszechna",
_c1981.
300 _a583, [1] s. :
_bil. , mapy, portr., tab., wykr. ;
_c25 cm.
380 _aKsiążki
388 _a1901-2000
388 _a1945-1989
504 _aBibliogr. przy hasłach.
650 7 _aHistoria gospodarcza
651 4 _aPolska
655 4 _aEncyklopedia
658 _aGospodarka, ekonomia, finanse
658 _aHistoria
700 1 _aMączak, Antoni
_d(1928-2003)
_eRedakcja
700 1 _aAjnenkiel, Andrzej
_d(1931-2015)
_eAutor
700 1 _aDunin-Wąsowicz, Anna
_eIlustracje
700 1 _aCiunowicz, Mirosław
_d(1938- )
_eIlustracje
710 2 _aPaństwowe Wydawnictwo Wiedza Powszechna
_4pbl.
856 _uhttp://koha.tu.koszalin.pl/cgi-bin/koha/opac-detail.pl?biblionumber=31991
_yKatalog online BPK
942 _2UKD
_cKS
999 _c31991
_d31991